000 00412nam a22001457a 4500
005 20151201122648.0
008 151201b xxu||||| |||| 00| 0 eng d
040 _cPK-LaUMT
082 _aMSC 780.92
_bTUF-N
100 _aطفیل اختر
245 _aنور جہاں کی زندگی
_cطفیل اختر
260 _aلاہور
_bپرائم ٹائم پبلیکیشنز
_c2002
300 _a240 ص
942 _cBK
999 _c79351
_d79351